Central Library OPAC University of Rajshahi

A passage to India / (Record no. 18670)

MARC details
000 -LEADER
fixed length control field 00716nam a2200229 a 4500
001 - CONTROL NUMBER
control field 18670
003 - CONTROL NUMBER IDENTIFIER
rucl marc code BD-RjUL
005 - DATE AND TIME OF LATEST TRANSACTION
control field 20211209000322.0
008 - FIXED-LENGTH DATA ELEMENTS--GENERAL INFORMATION
fixed length control field 140222r19241960enk 000 1 eng d
035 ## - SYSTEM CONTROL NUMBER
System control number (BD-RjUL)18728
040 ## - CATALOGING SOURCE
Original cataloging agency ANL:NR
Language of cataloging eng
Transcribing agency ANL:NR
Modifying agency SSLP
-- BD-RjUL
041 ## - LANGUAGE CODE
Language code of text/sound track or separate title eng
082 ## - DEWEY DECIMAL CLASSIFICATION NUMBER
Classification number 823.91
Author mark and year FOP 1960
100 1# - MAIN ENTRY--PERSONAL NAME
Personal name Forster, E. M.
Fuller form of name (Edward Morgan),
Dates associated with a name 1879-1970.
9 (RLIN) 57488
245 12 - TITLE STATEMENT
Title A passage to India /
Statement of responsibility, etc. E.M. Forster.
260 ## - PUBLICATION, DISTRIBUTION, ETC. (IMPRINT)
Place of publication, distribution, etc. Harmondsworth, Middlesex, England :
Name of publisher, distributor, etc. Penguin,
Date of publication, distribution, etc. 1924 [printed 1960]
300 ## - PHYSICAL DESCRIPTION
Pagination 316 p. :
Illustrations port. ;
Size 18 cm.
500 ## - GENERAL NOTE
General note Originally published: 1924.
650 ## - SUBJECT ADDED ENTRY--TOPICAL TERM
Topical term or geographic name as entry element Race relations
Form subdivision Fiction
9 (RLIN) 42387
942 ## - ADDED ENTRY ELEMENTS (KOHA)
Source of classification or shelving scheme Dewey Decimal Classification
Koha item type Books
Holdings
Lost status Source of classification or shelving scheme Damaged status Not for loan Collection code Permanent Location Current Location Shelving location Date acquired Source of acquisition Total Checkouts Full call number Date last seen Date checked out Copy number Koha item type
  Dewey Decimal Classification     Fiction Central Library, University of Rajshahi Central Library, University of Rajshahi   03/11/1990 Standard pub. lim. 1 823.91 FOP 1960 10/09/2017 23/08/2017 C-9 Books
  Dewey Decimal Classification   Not For Loan Non-fiction Central Library, University of Rajshahi Central Library, University of Rajshahi Reading Room 06/09/1955 B.H. Blackwell   823.91 FOP 1954 22/04/2017   C-1 Books